[Event "Spassky beat the Benko, can you? (fast 10+1)"]
[Site "SchemingMind.com"]
[Date "2007.01.17"]
[Round "-"]
[White "Rotceh"]
[Black "echecs"]
[Result "0-1"]
[WhiteCountry "MEX"]
[BlackCountry "ENG"]
[WhiteElo "1540"]
[WhiteRD "61"]
[BlackElo "1737"]
[BlackRD "61"]
[GameID "87316"]

1. Nf3 d5 2. g3 c6 3. Bg2 Bf5 4. O-O Nf6 5. d4 e6 6. Nc3 h6 7. Bf4 c5 8. Na4 b6 9. dxc5 bxc5 10. Ne5 Nbd7
11. Nd3 Be7 12. Be3 Rc8 13. c3 O-O 14. b3 Ng4 15. Bc1 Nb6 16. Ndb2 Ne5 17. Nxb6 axb6 18. Nd3 Bf6 19. Bb2 Nc6 20. a3 Na5
21. b4 Nc4 22. Bc1 cxb4 23. axb4 Bxc3 24. Ra2 Qf6 25. e3 Bxd3 26. Qxd3 Bxb4 27. Rd1 Bc5 28. Bf1 Qf3 29. Bb2 Ra8 30. Be2 Qxe2
31. Rxa8 Qxd3 32. Rxf8+ Kxf8 33. Bxg7+ Kxg7
0-1

[Event "Spassky beat the Benko, can you? (fast 10+1)"]
[Site "SchemingMind.com"]
[Date "2007.01.17"]
[Round "-"]
[White "echecs"]
[Black "Rotceh"]
[Result "1-0"]
[WhiteCountry "ENG"]
[BlackCountry "MEX"]
[WhiteElo "1737"]
[WhiteRD "61"]
[BlackElo "1540"]
[BlackRD "61"]
[GameID "87317"]

1. Nf3 d5 2. g3 c6 3. Bg2 Bg4 4. O-O Qc8 5. d3 Nf6 6. Nbd2 Bh3 7. c4 Bxg2 8. Kxg2 Nbd7 9. b3 e5 10. cxd5 cxd5
11. Bb2 Bd6 12. Rc1 Qd8 13. Nh4 g6 14. Nhf3 Rc8 15. Re1 h5 16. Rxc8 Qxc8 17. Qa1 d4 18. Nc4 Bc7 19. Rc1 Qa8 20. Ncxe5 Bxe5
21. Nxe5 Nxe5 22. Bxd4 b6+ 23. f3 O-O 24. Bxe5 Ne8 25. Bf4 Kh7 26. Qe5 Ng7 27. e4 f6 28. Qe7 g5 29. Rc7 Rg8 30. Be3
1-0

[Event "Spassky beat the Benko, can you? (fast 10+1)"]
[Site "SchemingMind.com"]
[Date "2007.01.22"]
[Round "-"]
[White "Dr_Pat"]
[Black "Rotceh"]
[Result "1-0"]
[WhiteCountry "USA"]
[BlackCountry "MEX"]
[WhiteElo "1519"]
[WhiteRD "49"]
[BlackElo "1611"]
[BlackRD "64"]
[GameID "88115"]

1. Nf3 d5 2. g3 c6 3. d4 Nf6 4. Bg2 Bg4 5. h3 Bf5 6. Bf4 e6 7. O-O c5 8. e3 Nc6 9. Nc3 Be7 10. Nh4 cxd4
11. exd4 Ne4 12. Nxf5 exf5 13. Qd3 O-O 14. Rfe1 Nb4 15. Qe2 Nc6 16. Nxe4
1-0

[Event "Spassky beat the Benko, can you? (fast 10+1)"]
[Site "SchemingMind.com"]
[Date "2007.01.22"]
[Round "-"]
[White "Dr_Pat"]
[Black "echecs"]
[Result "0-1"]
[WhiteCountry "USA"]
[BlackCountry "ENG"]
[WhiteElo "1519"]
[WhiteRD "49"]
[BlackElo "1777"]
[BlackRD "61"]
[GameID "88116"]

1. Nf3 d5 2. g3 c6 3. d4 Bf5 4. Bg2 Nf6 5. O-O h6 6. Nc3 Nbd7 7. h3 Qc8 8. g4 Bh7 9. Bf4 e6 10. e3 Be7
11. Nd2 O-O 12. e4 dxe4 13. Ndxe4 Nxe4 14. Nxe4 f5 15. Ng3 fxg4 16. Qxg4 Nf6 17. Qe2 Nd5 18. Bd2 Qd7 19. Qg4 Rf6 20. Be4 Raf8
21. Bxh7+ Kxh7 22. Qe4+ Rg6 23. h4 Nf6 24. Qe1 Nh5 25. Kh2 Nf4 26. Bxf4 Rxf4 27. h5 Rh4+ 28. Kg2 Qd5+ 29. f3 Rxh5 30. Rh1 Bh4
31. Rh3 Rxg3+ 32. Rxg3 Bxg3 33. Qxg3 Rg5
0-1

[Event "Spassky beat the Benko, can you? (fast 10+1)"]
[Site "SchemingMind.com"]
[Date "2007.01.22"]
[Round "-"]
[White "Rotceh"]
[Black "Dr_Pat"]
[Result "0-1"]
[WhiteCountry "MEX"]
[BlackCountry "USA"]
[WhiteElo "1611"]
[WhiteRD "64"]
[BlackElo "1519"]
[BlackRD "49"]
[GameID "88117"]

1. Nf3 d5 2. g3 c6 3. Bg2 e6 4. O-O Bd6 5. Nc3 Nf6 6. d4 O-O 7. Ne5 Nbd7 8. f4 Qb6 9. e3 c5 10. Na4 Qc7
11. c3 cxd4 12. cxd4 b6 13. Bd2 Ba6 14. Rc1 Qb7 15. a3 Bxf1 16. Qxf1 Rac8 17. Nc3 Rfe8 18. Qe2 a5 19. a4 Bb4 20. Nb5 Rxc1+
21. Bxc1 Qb8 22. Qd1 Ne4
0-1

[Event "Spassky beat the Benko, can you? (fast 10+1)"]
[Site "SchemingMind.com"]
[Date "2007.01.22"]
[Round "-"]
[White "echecs"]
[Black "Dr_Pat"]
[Result "1-0"]
[WhiteCountry "ENG"]
[BlackCountry "USA"]
[WhiteElo "1777"]
[WhiteRD "61"]
[BlackElo "1519"]
[BlackRD "49"]
[GameID "88118"]

1. Nf3 d5 2. g3 c6 3. d4 Nf6 4. Bg2 Bf5 5. Nc3 e6 6. O-O Bd6 7. Bg5 O-O 8. Ne5 Qb6 9. Bxf6 gxf6 10. Nf3 Na6
11. a3 Qxb2 12. Qd2 Qxc2 13. Qe3 c5 14. Rfc1 Qb3 15. Nd2 Qb6 16. Na4 Qc6 17. dxc5 Bc7 18. Nb2 Be5 19. Ndc4 Bxb2 20. Nxb2 Be4
21. Nd3 Bxg2 22. f3 Bxf3 23. Qxf3 f5 24. Ne5 Qb5 25. Nd3 Rac8 26. a4 Qa5 27. Ne5 Rfd8 28. Qh5
1-0

[Event "Spassky beat the Benko, can you? (fast 10+1)"]
[Site "SchemingMind.com"]
[Date "2007.01.22"]
[Round "-"]
[White "tacticrules"]
[Black "Dr_Pat"]
[Result "0-1"]
[WhiteCountry "GER"]
[BlackCountry "USA"]
[WhiteElo "1573"]
[WhiteRD "53"]
[BlackElo "1519"]
[BlackRD "49"]
[GameID "88165"]

1. Nf3 d5 2. g3 c6 3. Bg2 e6 4. d4 Bd6 5. O-O Nf6 6. c4 O-O 7. Qc2 Nbd7 8. Bg5 Nb6 9. cxd5 exd5 10. Nc3 h6
11. Bxf6 Qxf6 12. Rfd1 Bg4 13. h3 Bh5 14. g4 Bg6 15. Qd2 Nc4 16. Qc1 Rfe8 17. b3 Ba3
0-1

[Event "Spassky beat the Benko, can you? (fast 10+1)"]
[Site "SchemingMind.com"]
[Date "2007.01.22"]
[Round "-"]
[White "tacticrules"]
[Black "Rotceh"]
[Result "1-0"]
[WhiteCountry "GER"]
[BlackCountry "MEX"]
[WhiteElo "1554"]
[WhiteRD "51"]
[BlackElo "1540"]
[BlackRD "61"]
[GameID "88166"]

1. Nf3 d5 2. g3 c6 3. Bg2 Bg4 4. d4 Nf6 5. Nbd2 e6 6. O-O Bd6 7. h3 Bh5 8. c4 O-O 9. cxd5 exd5 10. g4 Nxg4
11. hxg4 Bxg4 12. Qc2 Nd7 13. Re1 f5 14. Nf1 Bxf3 15. Bxf3
1-0

[Event "Spassky beat the Benko, can you? (fast 10+1)"]
[Site "SchemingMind.com"]
[Date "2007.01.22"]
[Round "-"]
[White "tacticrules"]
[Black "echecs"]
[Result "0-1"]
[WhiteCountry "GER"]
[BlackCountry "ENG"]
[WhiteElo "1577"]
[WhiteRD "50"]
[BlackElo "1788"]
[BlackRD "58"]
[GameID "88167"]

1. Nf3 d5 2. g3 c6 3. Bg2 Nf6 4. d4 Bf5 5. c4 dxc4 6. a4 e6 7. Ne5 Be7 8. O-O O-O 9. Nc3 h6 10. Nxc4 Nbd7
11. e4 Bg6 12. Re1 Bb4 13. Nd2 Nb6 14. e5 Nfd5 15. Nxd5 Nxd5 16. Qb3 Qa5 17. Nc4 Qa6 18. Bxd5 Bxe1 19. Bf3 Ba5 20. Nxa5 Qxa5
21. Be3 Rab8 22. Rd1 Rfd8 23. Qc4 Rbc8 24. Bd2 Qb6 25. Be3 Qxb2 26. Qe2 Qa3 27. Qc4 b5 28. axb5 cxb5 29. Qxb5 Bc2 30. Rc1 Ba4
31. Qa5 Rxc1+ 32. Bxc1 Qxc1+ 33. Kg2 Rxd4 34. Qxa7 Qc4 35. Qb8+ Kh7 36. Qb1+ g6 37. h4 Bb5 38. Qe1 Rd3 39. Be2 Qe4+ 40. Kg1 Bc6
41. f3 Rxf3 42. Qd2 Rxg3+ 43. Kf1 Qh1+
0-1

[Event "Spassky beat the Benko, can you? (fast 10+1)"]
[Site "SchemingMind.com"]
[Date "2007.01.22"]
[Round "-"]
[White "Dr_Pat"]
[Black "tacticrules"]
[Result "1-0"]
[WhiteCountry "USA"]
[BlackCountry "GER"]
[WhiteElo "1559"]
[WhiteRD "50"]
[BlackElo "1554"]
[BlackRD "51"]
[GameID "88168"]

1. Nf3 d5 2. g3 c6 3. d4 Nf6 4. Bg2 Bf5 5. O-O e6 6. Nh4 Bg6 7. Nxg6 hxg6 8. Nd2 Bd6 9. Nf3 O-O 10. c4 Nbd7
11. c5 Bc7 12. Be3 b6 13. Qa4 b5 14. Qa6 Nb8 15. Qb7 Nbd7 16. Qxc6 a6 17. Qb7 Re8 18. Rac1 Nf8 19. Ne5 Bxe5 20. dxe5 Ng4
21. Bd2 Re7 22. Qc6 Rc7 23. Qb6 Nd7 24. Qa5 Qc8 25. c6 Rxc6 26. e4 Ndxe5 27. exd5 Rxc1 28. Rxc1 Qd7 29. dxe6
1-0

[Event "Spassky beat the Benko, can you? (fast 10+1)"]
[Site "SchemingMind.com"]
[Date "2007.01.22"]
[Round "-"]
[White "Rotceh"]
[Black "tacticrules"]
[Result "0-1"]
[WhiteCountry "MEX"]
[BlackCountry "GER"]
[WhiteElo "1540"]
[WhiteRD "61"]
[BlackElo "1554"]
[BlackRD "51"]
[GameID "88169"]

1. Nf3 d5 2. g3 c6 3. Bg2 Nf6 4. d3 Bf5 5. Nc3 e6 6. O-O Bd6 7. Nh4 Bg6 8. e4 dxe4 9. dxe4 Be7 10. Bg5 Nbd7
11. Qf3 O-O 12. Nxg6 hxg6 13. Rad1 Qc7 14. Rd2 Rad8 15. Rfd1 Nb6
0-1

[Event "Spassky beat the Benko, can you? (fast 10+1)"]
[Site "SchemingMind.com"]
[Date "2007.01.22"]
[Round "-"]
[White "echecs"]
[Black "tacticrules"]
[Result "1-0"]
[WhiteCountry "ENG"]
[BlackCountry "GER"]
[WhiteElo "1788"]
[WhiteRD "58"]
[BlackElo "1577"]
[BlackRD "50"]
[GameID "88170"]

1. Nf3 d5 2. g3 c6 3. d4 Nf6 4. Bg2 Bf5 5. Nc3 e6 6. Bg5 Nbd7 7. Ne5 Be7 8. O-O O-O 9. a3 h6 10. Bd2 Qc7
11. Nf3 Bh7 12. Re1 Rfe8 13. Qc1 Nf8 14. b4 a5 15. b5 Ne4 16. bxc6 Qxc6 17. Nxe4 Bxe4 18. c3 Rac8 19. Ne5 Qd6 20. Bxe4 dxe4
21. Bf4 Qd5 22. c4 Qxd4 23. Rd1 Qc5 24. Ra2 Bf6 25. Nd7 Nxd7 26. Rxd7 Qxc4 27. Qxc4 Rxc4 28. Rxb7 e5 29. Bd2 a4 30. Bb4 Rec8
31. Ra7 Rc2 32. Rxc2 Rxc2 33. e3 Rc1+ 34. Kg2 Rc8 35. Rxa4 Bd8 36. Bd6 Rc6 37. Bxe5 Rc8 38. Rxe4 f6 39. Bd6 Bb6 40. Rb4 Bc5
41. Bxc5 Rxc5 42. a4 Ra5 43. Rd4 Kf7 44. h4 Ke6 45. Kf3 g6 46. Kg4 h5+ 47. Kf4 Rf5+ 48. Ke4 Re5+ 49. Kd3 Ra5 50. Ke2 Ke5
51. f4+ Ke6 52. Kf3 f5 53. e4 fxe4+ 54. Kxe4 Rc5 55. Ke3 Rc3+ 56. Rd3 Rc4 57. Ra3 Rc6 58. a5 Ra6 59. Ke4 Kd6 60. f5 gxf5+
61. Kxf5 Kc5 62. Kg5 Kb4 63. Ra1 Rxa5+ 64. Rxa5 Kxa5 65. Kxh5
1-0

[Event "Spassky beat the Benko, can you? (fast 10+1)"]
[Site "SchemingMind.com"]
[Date "2007.01.22"]
[Round "-"]
[White "Amergin"]
[Black "Dr_Pat"]
[Result "0-1"]
[WhiteCountry "IRL"]
[BlackCountry "USA"]
[WhiteElo "1313"]
[WhiteRD "81"]
[BlackElo "1493"]
[BlackRD "49"]
[GameID "88227"]

1. Nf3 d5 2. g3 c6 3. Nc3 d4 4. Ne4 f5 5. Nc5 e5 6. Nxe5 Bxc5 7. Nd3 Be7 8. f3 Nf6 9. e4 fxe4 10. fxe4 Nxe4
11. Qh5+ g6 12. Qf3 Ng5 13. Qf4 Rf8 14. Qe5 Nf3+ 15. Ke2 Nxe5 16. Nxe5 Qd5 17. Rg1 Qxe5+ 18. Kd1 Bg4+ 19. Be2 Qxe2#
0-1

[Event "Spassky beat the Benko, can you? (fast 10+1)"]
[Site "SchemingMind.com"]
[Date "2007.01.22"]
[Round "-"]
[White "Amergin"]
[Black "Rotceh"]
[Result "0-1"]
[WhiteCountry "IRL"]
[BlackCountry "MEX"]
[WhiteElo "1327"]
[WhiteRD "86"]
[BlackElo "1563"]
[BlackRD "64"]
[GameID "88228"]

1. Nf3 d5 2. g3 c6 3. d4 Bg4 4. Ne5 Bf5 5. h4 Nd7 6. Bf4 Nxe5 7. Bxe5 e6 8. Bf4 Nf6 9. f3 Nh5 10. Qd2 Nxf4
11. Qxf4 Bxc2 12. Nd2 Bb4 13. Qe5 Qf6 14. Qc7 Qxd4 15. Qxb7 Qxd2+ 16. Kf2 Bc5+ 17. Kg2 O-O 18. Qxc6 Qd4 19. Kh3 Ba4 20. Qa6 Bd7
21. Qd3 e5+ 22. g4 Qxd3 23. exd3 f5 24. Rc1 fxg4+ 25. fxg4 Bb6 26. Bg2 Be6 27. Rc6 Rae8 28. Re1 d4 29. Rxe6 Rxe6 30. Bd5 Re8
31. Rxe5 Kf7 32. Rf5+ Ke7 33. Bxe6 Kxe6 34. b4 Rc8 35. a4 Rc3 36. Rf3 Rb3 37. b5 Rb4 38. Rf4 Rxa4 39. Re4+ Kf7 40. g5 Ra3
41. Kg4 Rxd3 42. h5 Re3 43. Rf4+ Kg8 44. g6 hxg6 45. hxg6 d3 46. Rc4 Re8 47. Rc1 d2 48. Rd1 Ba5 49. Ra1 Re1 50. Rxa5 d1=Q+
51. Kf5 Qf3+
0-1

[Event "Spassky beat the Benko, can you? (fast 10+1)"]
[Site "SchemingMind.com"]
[Date "2007.01.22"]
[Round "-"]
[White "Amergin"]
[Black "echecs"]
[Result "0-1"]
[WhiteCountry "IRL"]
[BlackCountry "ENG"]
[WhiteElo "1296"]
[WhiteRD "84"]
[BlackElo "1777"]
[BlackRD "61"]
[GameID "88229"]

1. Nf3 d5 2. g3 c6 3. h4 Nf6 4. d4 Bf5 5. Ne5 Nbd7 6. Bf4 Nxe5 7. Bxe5 Ng4 8. Qd3 Bxd3 9. exd3 Nxe5 10. dxe5 e6
11. f4 Qb6 12. c3 Qxb2 13. Nd2 Qxa1+ 14. Ke2 Qxc3 15. f5 Qxe5+ 16. Kf2 Bc5+ 17. Kg2 Qxf5 18. Nb3 Qf2+ 19. Kh3 Bd6 20. Kg4 Qxg3+
21. Kh5 Qg6#
0-1

[Event "Spassky beat the Benko, can you? (fast 10+1)"]
[Site "SchemingMind.com"]
[Date "2007.01.22"]
[Round "-"]
[White "Amergin"]
[Black "tacticrules"]
[Result "1-0"]
[WhiteCountry "IRL"]
[BlackCountry "GER"]
[WhiteElo "1340"]
[WhiteRD "82"]
[BlackElo "1554"]
[BlackRD "51"]
[GameID "88230"]

1. Nf3 d5 2. g3 c6 3. d4 Nf6 4. Nc3 e6 5. e3 Bd6 6. Bh3 O-O 7. Qd3 Na6 8. a3 Re8 9. g4 Nd7 10. e4 e5
11. dxe5 Nxe5 12. Qe3 Nxg4 13. Bxg4 Bxg4 14. Rg1 Bxf3 15. Qxf3 dxe4 16. Qg4 Bf8 17. Bg5 f6 18. Bxf6 Qxf6 19. Rg3 Bd6 20. Re3 Bc5
21. Nxe4 Qxb2 22. Rd1 Bxe3 23. fxe3 Qe5 24. Rd7 Qxe4 25. Qxg7#
1-0

[Event "Spassky beat the Benko, can you? (fast 10+1)"]
[Site "SchemingMind.com"]
[Date "2007.01.23"]
[Round "-"]
[White "Dr_Pat"]
[Black "Amergin"]
[Result "1-0"]
[WhiteCountry "USA"]
[BlackCountry "IRL"]
[WhiteElo "1493"]
[WhiteRD "49"]
[BlackElo "1313"]
[BlackRD "81"]
[GameID "88231"]

1. Nf3 d5 2. g3 c6 3. d4 Qa5+ 4. Nbd2 Nf6 5. Bg2 e6 6. O-O Bd6 7. e4 dxe4 8. Ng5 Nd5 9. Nc4 Qb4 10. Nxe4 Be7
11. Ncd6+ Bxd6 12. c3 Qa5 13. Nxd6+ Kd7 14. Nxf7 Rf8 15. Ne5+ Kd8 16. Qg4 Qc7 17. Bxd5 cxd5 18. Qh4+ Ke8 19. Qxh7 Nc6 20. Qg6+ Kd8
21. Bg5+ Ne7 22. Qxg7 Qxe5 23. Qxe7#
1-0

[Event "Spassky beat the Benko, can you? (fast 10+1)"]
[Site "SchemingMind.com"]
[Date "2007.01.22"]
[Round "-"]
[White "Rotceh"]
[Black "Amergin"]
[Result "1-0"]
[WhiteCountry "MEX"]
[BlackCountry "IRL"]
[WhiteElo "1540"]
[WhiteRD "61"]
[BlackElo "1340"]
[BlackRD "82"]
[GameID "88232"]

1. Nf3 d5 2. g3 c6 3. Bg2 e6 4. d3 Bb4+ 5. Nc3 Qa5 6. Bd2 Nf6 7. O-O O-O 8. e4 dxe4 9. Nxe4 Ng4 10. c3 Qh5
11. h3 Nxf2 12. Nxf2 Bc5 13. d4 Bb6 14. Ne5 Qxd1 15. Raxd1 c5 16. Be3 cxd4 17. Bxd4 Bc7 18. Nc4 Bxg3 19. Ne4 Bh4 20. Ned6 Bd7
21. Bxb7 Ba4 22. b3 Bc6 23. Bxa8 Bxa8 24. Bxa7 Nc6 25. Bc5 f5 26. Ne4 Be7 27. Bxe7 Nxe7 28. Ng5 h6 29. Nxe6 Rf6 30. Rd8+ Kh7
31. Nf8+ Kg8 32. Nd7+ Kf7 33. Nxf6 Kxf6 34. Rxa8 g5 35. Ra6+ Kf7 36. Ra7 h5 37. Re1 g4 38. Raxe7+ Kf6 39. hxg4 hxg4 40. Nd6 Kg5
41. Kg2 f4 42. R1e5+ Kh4 43. Rh7#
1-0

[Event "Spassky beat the Benko, can you? (fast 10+1)"]
[Site "SchemingMind.com"]
[Date "2007.01.23"]
[Round "-"]
[White "echecs"]
[Black "Amergin"]
[Result "1-0"]
[WhiteCountry "ENG"]
[BlackCountry "IRL"]
[WhiteElo "1777"]
[WhiteRD "61"]
[BlackElo "1296"]
[BlackRD "84"]
[GameID "88233"]

1. Nf3 d5 2. g3 c6 3. Bg2 Nf6 4. d4 e5 5. Nxe5 Bd6 6. Bg5 Qa5+ 7. c3 c5 8. O-O O-O 9. Bxf6 gxf6 10. Nf3 c4
11. Nbd2 b5 12. e4 Bb7 13. Nh4 Bc8 14. exd5 b4 15. Nxc4 Qxd5 16. Bxd5 Bc7 17. Bxa8 Ba6 18. Nf5 Bxc4 19. Qg4+ Kh8 20. Qg7#
1-0

[Event "Spassky beat the Benko, can you? (fast 10+1)"]
[Site "SchemingMind.com"]
[Date "2007.01.22"]
[Round "-"]
[White "tacticrules"]
[Black "Amergin"]
[Result "1-0"]
[WhiteCountry "GER"]
[BlackCountry "IRL"]
[WhiteElo "1554"]
[WhiteRD "51"]
[BlackElo "1340"]
[BlackRD "82"]
[GameID "88234"]

1. Nf3 d5 2. g3 c6 3. Bg2 f6 4. O-O e5 5. d3 g5 6. e4 dxe4 7. dxe4 Nd7 8. Nc3 Qb6 9. Na4 Qb4 10. c3 Qxe4
11. Re1 Qc4 12. Nd2 Qb5 13. Qh5+ Kd8 14. b3 Nc5 15. Nxc5 Qxc5 16. Ne4 Qd5 17. Rd1 Be6 18. Rxd5+ cxd5 19. Nd2 d4 20. cxd4 exd4
21. Bb2 Bb4 22. Nc4 b5 23. Bxa8 d3 24. Bc6 Kc7 25. Bxb5 Ne7 26. Bxf6 Rf8 27. Bxe7 Bxe7 28. Qxh7 Kd8 29. Rd1 Bc5 30. Rxd3+ Kc8
31. Ba6+ Kb8 32. Qb7#
1-0

[Event "Spassky beat the Benko, can you? (fast 10+1)"]
[Site "SchemingMind.com"]
[Date "2007.02.01"]
[Round "-"]
[White "Valiantangel"]
[Black "Dr_Pat"]
[Result "1-0"]
[WhiteCountry "SGP"]
[BlackCountry "USA"]
[WhiteElo "1944"]
[WhiteRD "81"]
[BlackElo "1519"]
[BlackRD "49"]
[GameID "89556"]

1. Nf3 d5 2. g3 c6 3. Bg2 e6 4. O-O Bd6 5. d4 Nf6 6. Nbd2 O-O 7. c4 Nbd7 8. Qc2 Re8 9. b3 e5 10. dxe5 Nxe5
11. Bb2 Nxf3+ 12. Nxf3 Be6 13. Ng5 h6 14. Nxe6 Rxe6 15. cxd5 Nxd5 16. Rad1 Nb4 17. Qc3 Nxa2 18. Qxg7#
1-0

[Event "Spassky beat the Benko, can you? (fast 10+1)"]
[Site "SchemingMind.com"]
[Date "2007.02.01"]
[Round "-"]
[White "Valiantangel"]
[Black "Amergin"]
[Result "1-0"]
[WhiteCountry "SGP"]
[BlackCountry "IRL"]
[WhiteElo "1944"]
[WhiteRD "81"]
[BlackElo "1296"]
[BlackRD "84"]
[GameID "89557"]

1. Nf3 d5 2. g3 c6 3. c4 e6 4. Qc2 Nf6 5. Bg2 Ne4 6. O-O Bc5 7. d4 Bb6 8. e3 c5 9. b3 Nc6 10. Bb2 Nb4
11. Qd1 O-O 12. a3 Nc6 13. dxc5 Bxc5 14. b4 Bd6 15. cxd5 Ne7 16. Qd4 exd5 17. Qxg7#
1-0

[Event "Spassky beat the Benko, can you? (fast 10+1)"]
[Site "SchemingMind.com"]
[Date "2007.02.01"]
[Round "-"]
[White "Valiantangel"]
[Black "Rotceh"]
[Result "1-0"]
[WhiteCountry "SGP"]
[BlackCountry "MEX"]
[WhiteElo "1944"]
[WhiteRD "81"]
[BlackElo "1611"]
[BlackRD "64"]
[GameID "89558"]

1. Nf3 d5 2. g3 c6 3. b3 Nf6 4. Bg2 Bf5 5. Bb2 e6 6. O-O Bd6 7. d3 O-O 8. Nbd2 Nbd7 9. Nh4 Bg6 10. Nxg6 fxg6
11. e4 Bc7 12. Qe2 Ne5 13. exd5
1-0

[Event "Spassky beat the Benko, can you? (fast 10+1)"]
[Site "SchemingMind.com"]
[Date "2007.02.02"]
[Round "-"]
[White "Valiantangel"]
[Black "echecs"]
[Result "1-0"]
[WhiteCountry "SGP"]
[BlackCountry "ENG"]
[WhiteElo "1893"]
[WhiteRD "67"]
[BlackElo "1788"]
[BlackRD "58"]
[GameID "89559"]

1. Nf3 d5 2. g3 c6 3. Bg2 Nf6 4. O-O Bf5 5. d4 e6 6. b3 Na6 7. c3 Nc7 8. Nbd2 Nb5 9. Bb2 Ba3 10. Qc1 Be7
11. Nh4 Bg4 12. Re1 Nd7 13. Nhf3 h6 14. e4 O-O 15. e5 c5 16. a4 Nc7 17. Ba3 b6 18. Nf1 Re8 19. Ne3 Bh5 20. g4 Bg6
21. Nf1 Rb8 22. b4 cxb4 23. cxb4 Na6 24. Qd2 Rc8 25. Rac1 Rxc1 26. Rxc1 Be4 27. Ne1 Bg5 28. f4 Bxg2 29. Nxg2 Be7 30. Qc3 f5
31. gxf5 exf5 32. Nfe3 Nf8 33. Nxf5 Nb8 34. b5 Bxa3 35. Qxa3 Ng6 36. Nd6 Rf8 37. Qg3 Ne7 38. Ne3 Kh7 39. f5 Rg8 40. h4 Qf8
41. Rc7 a6 42. Rxe7
1-0

[Event "Spassky beat the Benko, can you? (fast 10+1)"]
[Site "SchemingMind.com"]
[Date "2007.02.01"]
[Round "-"]
[White "Valiantangel"]
[Black "tacticrules"]
[Result "1-0"]
[WhiteCountry "SGP"]
[BlackCountry "GER"]
[WhiteElo "1893"]
[WhiteRD "67"]
[BlackElo "1577"]
[BlackRD "50"]
[GameID "89560"]

1. Nf3 d5 2. g3 c6 3. Bg2 Nf6 4. O-O Bf5 5. b3 e6 6. Bb2 Nbd7 7. d3 Be7 8. Nbd2 O-O 9. c4 dxc4 10. bxc4 Bg4
11. a4 c5 12. Qb3 Qb6 13. Bc3 Qxb3 14. Nxb3 Rac8 15. Rfe1 b6 16. a5 Rfe8 17. axb6 axb6 18. Ra7 Ra8 19. Rea1 Rxa7 20. Rxa7 Rb8
21. h3 Bf5 22. g4 Bg6 23. g5 Re8 24. gxf6 Nxf6 25. Ne5 Bf8 26. Nd2 Rb8 27. Ndf3 Ne8 28. Nxg6 hxg6 29. Ne5 Nd6 30. Nd7 Rb7
31. Bxb7
1-0

[Event "Spassky beat the Benko, can you? (fast 10+1)"]
[Site "SchemingMind.com"]
[Date "2007.02.01"]
[Round "-"]
[White "Dr_Pat"]
[Black "Valiantangel"]
[Result "0-1"]
[WhiteCountry "USA"]
[BlackCountry "SGP"]
[WhiteElo "1519"]
[WhiteRD "49"]
[BlackElo "1944"]
[BlackRD "81"]
[GameID "89561"]

1. Nf3 d5 2. g3 c6 3. d4 Bg4 4. Bg2 Nf6 5. h3 Bh5 6. Bf4 Nbd7 7. g4 Bg6 8. Nc3 Ne4 9. Nxe4 Bxe4 10. O-O e6
11. Rc1 Nf6 12. g5 Nh5 13. Bd2 Bd6 14. a4 Nf4 15. Bxf4 Bxf4 16. e3 Bxg5 17. Nxg5 Bxg2 18. Kxg2 Qxg5+ 19. Qg4 Qxg4+ 20. hxg4 Ke7
21. c3 h5 22. gxh5 Rxh5 23. Kf3 Rah8 24. Ke2 Rh2 25. Kd3 R8h3 26. c4 Rf3 27. Rc2 dxc4+ 28. Kxc4 Rxe3 29. Rc3 Re2
0-1

[Event "Spassky beat the Benko, can you? (fast 10+1)"]
[Site "SchemingMind.com"]
[Date "2007.02.01"]
[Round "-"]
[White "Amergin"]
[Black "Valiantangel"]
[Result "0-1"]
[WhiteCountry "IRL"]
[BlackCountry "SGP"]
[WhiteElo "1327"]
[WhiteRD "86"]
[BlackElo "1893"]
[BlackRD "67"]
[GameID "89562"]

1. Nf3 d5 2. g3 c6 3. h4 Nf6 4. Nc3 Bg4 5. Ne5 Bf5 6. e4 Nxe4 7. Qh5 g6 8. Qf3 Nxc3 9. Qxc3 f6 10. Nf3 Bg7
11. Bh3 Bxh3 12. Rxh3 e5 13. d3 Na6 14. Be3 d4 15. Bxd4 exd4 16. Nxd4 f5 17. Qd2 Bxd4 18. O-O-O Qf6 19. Re1+ Kd7 20. c3 Bb6
21. d4 Rhe8 22. Re5 Nc7 23. f4 Nd5 24. Rh2 Bc7 25. Rhe2 b5 26. b4 Bxe5 27. dxe5 Qe6 28. g4 fxg4 29. f5 gxf5 30. Qg5 Nxc3
31. Rd2+ Nd5 32. Re2 Rg8 33. Qh5 Rg7 34. a3 Rag8 35. Kb2 g3 36. Rg2 Qxe5+ 37. Kc1 Qe3+ 38. Kd1 Nc3+ 39. Kc2 Qe4+ 40. Kxc3 Qxg2
41. Qxf5+ Kc7 42. Qe5+ Kb7 43. h5 Qf3+ 44. Kd2 Rd7+ 45. Kc2 Qd1+ 46. Kc3 Qd2+ 47. Kb3 Rd3+ 48. Qc3 Rxc3#
0-1

[Event "Spassky beat the Benko, can you? (fast 10+1)"]
[Site "SchemingMind.com"]
[Date "2007.02.01"]
[Round "-"]
[White "Rotceh"]
[Black "Valiantangel"]
[Result "0-1"]
[WhiteCountry "MEX"]
[BlackCountry "SGP"]
[WhiteElo "1611"]
[WhiteRD "64"]
[BlackElo "1944"]
[BlackRD "81"]
[GameID "89563"]

1. Nf3 d5 2. g3 c6 3. d4 Nf6 4. Nc3 Bf5 5. Ne5 Nbd7 6. Bg2 e6 7. Bg5 Be7 8. e3 O-O 9. Qd2 h6 10. h4 hxg5
11. hxg5 Ne4 12. Nxe4 dxe4
0-1

[Event "Spassky beat the Benko, can you? (fast 10+1)"]
[Site "SchemingMind.com"]
[Date "2007.02.02"]
[Round "-"]
[White "echecs"]
[Black "Valiantangel"]
[Result "0-1"]
[WhiteCountry "ENG"]
[BlackCountry "SGP"]
[WhiteElo "1737"]
[WhiteRD "61"]
[BlackElo "1918"]
[BlackRD "79"]
[GameID "89564"]

1. Nf3 d5 2. g3 c6 3. Bg2 Bg4 4. O-O Nf6 5. d4 Nbd7 6. Nbd2 Qc7 7. c4 e6 8. a3 Be7 9. b4 a5 10. b5 a4
11. bxc6 bxc6 12. c5 e5 13. dxe5 Nxe5 14. Qc2 Ned7 15. e4 O-O 16. exd5 Nxd5 17. h3 Bh5 18. Ne4 f5 19. Neg5 Nxc5 20. Nd4 Qd6
21. Nxf5 Bg6 22. Nxe7+ Qxe7 23. Qc4 h6 24. Nf3 Qd6 25. Bf4 Rxf4 26. gxf4 Bd3
0-1

[Event "Spassky beat the Benko, can you? (fast 10+1)"]
[Site "SchemingMind.com"]
[Date "2007.02.01"]
[Round "-"]
[White "tacticrules"]
[Black "Valiantangel"]
[Result "0-1"]
[WhiteCountry "GER"]
[BlackCountry "SGP"]
[WhiteElo "1577"]
[WhiteRD "50"]
[BlackElo "1893"]
[BlackRD "67"]
[GameID "89565"]

1. Nf3 d5 2. g3 c6 3. Bg2 Nd7 4. O-O e5 5. d3 Ngf6 6. c4 Be7 7. Nc3 h6 8. Qc2 d4 9. Ne4 Nxe4 10. dxe4 O-O
11. Rd1 b6 12. b3 c5 13. Bb2 Bb7 14. Rac1 Bd6 15. Qd3 Qf6 16. e3 Rad8 17. exd4 exd4 18. Re1 Rfe8 19. Nd2 Qg6 20. Rcd1 Re7
21. f4 f6 22. f5 Qf7 23. e5 Nxe5 24. Rxe5 Rxe5 25. Bxb7 Qxb7 26. Nf3 Re3 27. Qd2 Qxf3 28. Rf1 Qg4 29. Bc1 Bxg3
0-1

[Event "Spassky beat the Benko, can you? (fast 10+1)"]
[Site "SchemingMind.com"]
[Date "2007.01.31"]
[Round "-"]
[White "rao"]
[Black "Dr_Pat"]
[Result "0-1"]
[WhiteCountry "INT"]
[BlackCountry "USA"]
[WhiteElo "1458"]
[WhiteRD "82"]
[BlackElo "1559"]
[BlackRD "50"]
[GameID "89678"]

1. Nf3 d5 2. g3 c6 3. d4 Nf6 4. Bg5 h6 5. Bh4 g5 6. Bxg5 hxg5 7. Nxg5 Qb6 8. e3 Qxb2 9. Nd2 Bh6 10. Ngf3 c5
11. Ne5 cxd4 12. Rb1 Qxa2 13. Qf3 Nc6 14. Bb5 Qxc2 15. Bd3 Nxe5 16. Bxc2 Nxf3+ 17. Nxf3 dxe3 18. O-O Ne4 19. Bxe4 dxe4 20. Ne5 exf2+
21. Kxf2 O-O 22. Ng4 Bxg4
0-1